| 000 | 00671nam a2200145Ia 4500 | ||
|---|---|---|---|
| 005 | 20260209120127.0 | ||
| 008 | 260209s9999||||xx |||||||||||||| ||und|| | ||
| 100 | _aSuchitra Hrangkhawl | ||
| 245 | 0 | _aProject induced displacement and role of nhrc : a study | |
| 260 |
_aBangaloreBangalore _bNLSIU _c2009 |
||
| 300 | _a146 p. ; 25 cm. | ||
| 650 | _aInternally Displaced Persons - International Protection Internally Displaced Persons - Protection - India Internally Displaced Persons - Protection - National Human Rights Commission | ||
| 700 | _aProf. (Dr.) V Vijayakumar - GuideProf. (Dr.) V Vijayakumar - Guide | ||
| 856 | _uhttps://dans.nls.ac.in/handle/123456789/2015 | ||
| 999 |
_c216895 _d216895 |
||